GETS Theological Seminary Library

The genesis of doctrine: (Record no. 11232)

MARC details
000 -LEADER
fixed length control field 00543nam a2200169Ia 4500
008 - FIXED-LENGTH DATA ELEMENTS--GENERAL INFORMATION
fixed length control field 200824s9999||||xx |||||||||||||| ||und||
020 ## - INTERNATIONAL STANDARD BOOK NUMBER
International Standard Book Number 0802843166
020 ## - INTERNATIONAL STANDARD BOOK NUMBER
International Standard Book Number 9780802843166
041 ## - LANGUAGE CODE
Language code of text/sound track or separate title eng
050 ## - LIBRARY OF CONGRESS CALL NUMBER
Classification number BT19
Item number .M37 1997
100 ## - MAIN ENTRY--PERSONAL NAME
Personal name McGrath, Alister E.
245 #4 - TITLE STATEMENT
Title The genesis of doctrine:
Remainder of title a study in the foundations of doctrinal criticism /
Statement of responsibility, etc. Alister E. McGrath
260 ## - PUBLICATION, DISTRIBUTION, ETC.
Place of publication, distribution, etc. Grand Rapids :
Name of publisher, distributor, etc. W.B. Eerdmans ;
Date of publication, distribution, etc. 1997
300 ## - PHYSICAL DESCRIPTION
Extent x, 266 p.
Other physical details ;
Dimensions 24 cm.
650 ## - SUBJECT ADDED ENTRY--TOPICAL TERM
Topical term or geographic name entry element Christianity - doctrine - various studies.
Holdings
Withdrawn status Lost status Source of classification or shelving scheme Damaged status Not for loan Home library Current library Shelving location Date acquired Total Checkouts Full call number Barcode Date last seen Price effective from Koha item type Copy number
    Library of Congress Classification     GETS Theological Seminary Library GETS Theological Seminary Library General Stacks 08/15/2020   BT19 .M37 1997 00002083 08/15/2020 08/15/2020 English Books  
    Library of Congress Classification     GETS Theological Seminary Library GETS Theological Seminary Library Duplicate Section 08/24/2020   BT19 .M37 1997 00005044 08/24/2020 08/24/2020 English Books c. 2
OpacCredits

Contact the Librarian, GETS Library
Email: library@mygets.org









Implemented by GETS Library
(Powered by ETCA Professional Group)
GETS Theological Seminary
412 E. Rowland Street, CA 91723